000 00432nam a2200169Ia 4500
001 22585
003 IN-NITTTR
005 20251114233255.0
008 251113s9999||||xx |||||||||||||| ||eng||
040 _beng
040 _cIN-NITTTR
041 _aeng
082 _a658.514 B94T
100 _aBurrus, Daniel
245 0 _aTechnotrends :
_b how to use technology to go beyond your competition. /
_cBurrus, Daniel
942 _2ddc
_cBK
999 _c25214
_d25214